000 00596nam a2200229Ia 4500
003 OSt
005 20220918225257.0
006 a|||||r|||| 00| 0
007 ta
008 220917b |||||||| |||| 00| 0 eng d
024 _a239,415
037 _cTextual
040 _aARTS
_cARTS
_beng
041 _2eng
_aeng
082 _aW, L7;3
100 _aAsirvatham Eddy
245 0 _aPolitical theory
260 _aLucknow
_bThe Upper India Publishing House Pvt. Ltd.
_c1977
650 _aPOLITICAL SCIENCE
942 _hW, L7;3
_cTEXL
_2CC
999 _c284163
_d284163